[Event "IECG CE.2001.0.00019 email"]
[Site "IECG email"]
[Date "2001.12.17"]
[Round "?"]
[White "Vasquez Nigro, Dario Javier"]
[Black "Thorne, Steve"]
[Result "1-0"]
[WhiteElo "1286"]
[BlackElo "1300"]
[PlyCount "61"]
[EventDate "2001.12.17"]
[EventType "tourn (corr)"]
[EventRounds "6"]
[SourceTitle "Corr 2008"]
[Source "ChessBase"]
[SourceDate "2008.06.24"]
[SourceVersion "1"]
[SourceVersionDate "2008.06.24"]
[SourceQuality "1"]

1. e4 c5 2. c3 Nc6 3. d4 b6 4. d5 Na5 5. Nf3 g6 6. Be2 Bg7 7. b4 Nb7 8. b5 d6 9. 0-0 Bg4 10. Qd3 Rc8 11. h3 Bxf3 12. Qxf3 Nf6 13. Nd2 0-0 14. Nc4 Nd7 15. Bg5 h6 16. Bf4 Ne5 17. Qe3 Kh7 18. Bxe5 Bxe5 19. f4 Bg7 20. f5 g5 21. Kh1 Qd7 22. f6 Bxf6 23. Bg4 Qxb5 24. Bxc8 Rxc8 25. e5 Qxc4 26. exf6 exf6 27. Rxf6 Qxd5 28. Raf1 Rc7 29. Qe8 Kg7 30. Rxh6 f5 31. Qg6+ 1-0

[Event "IECG CE.2001.0.00013 email"]
[Site "IECG email"]
[Date "2001.10.03"]
[Round "?"]
[White "Lapperriere, Romuald"]
[Black "Thorne, Steve"]
[Result "1/2-1/2"]
[WhiteElo "1310"]
[BlackElo "1300"]
[PlyCount "25"]
[EventDate "2001.10.03"]
[EventType "tourn (corr)"]
[EventRounds "6"]
[SourceTitle "Corr 2008"]
[Source "ChessBase"]
[SourceDate "2008.06.24"]
[SourceVersion "1"]
[SourceVersionDate "2008.06.24"]
[SourceQuality "1"]

1. d4 Nf6 2. c4 g6 3. Nc3 d5 4. cxd5 Nxd5 5. e4 Nxc3 6. bxc3 Bg7 7. Bc4 0-0 8. Ne2 Nc6 9. 0-0 e6 10. Rb1 b6 11. Ba3 Re8 12. Bb5 Bd7 13. f4 1/2-1/2

[Event "IECG CP.2001.P.00005 email"]
[Site "IECG email"]
[Date "2001.10.01"]
[Round "?"]
[White "Hanegby, Avigdor"]
[Black "Thorne, Steve"]
[Result "1-0"]
[WhiteElo "1963"]
[BlackElo "1300"]
[PlyCount "63"]
[EventDate "2001.10.01"]
[EventType "tourn (corr)"]
[EventRounds "6"]
[EventCountry "ARG"]
[SourceTitle "Corr 2024"]
[Source "ChessBase"]
[SourceDate "2023.10.19"]
[SourceVersion "1"]
[SourceVersionDate "2023.10.19"]
[SourceQuality "1"]

1. f4 d5 2. Nf3 c5 3. e3 g6 4. d4 c4 5. b3 cxb3 6. axb3 Nc6 7. c4 e6 8. Be2 Nf6 9. 0-0 Bg7 10. Nc3 0-0 11. Ba3 Re8 12. Ne5 Bf8 13. Bxf8 Kxf8 14. Nb5 Re7 15. Bf3 a6 16. Nc3 Rc7 17. Na4 b5 18. Nc5 bxc4 19. bxc4 Nxe5 20. fxe5 Nd7 21. Bxd5 Nxc5 22. Bxa8 Nd7 23. Qb3 Ra7 24. Be4 Qc7 25. Rf2 Nxe5 26. dxe5 Qxe5 27. Qb4+ Kg8 28. Rd1 Rd7 29. Rxd7 Bxd7 30. Qe7 Qa1+ 31. Rf1 Qa4 32. Qxf7+ 1-0

[Event "IECG CP.2001.P.00005 email"]
[Site "IECG email"]
[Date "2001.10.01"]
[Round "?"]
[White "Thorne, Steve"]
[Black "Nava Baro, Enrique"]
[Result "0-1"]
[WhiteElo "1300"]
[BlackElo "2097"]
[PlyCount "58"]
[EventDate "2001.10.01"]
[EventType "tourn (corr)"]
[EventRounds "6"]
[EventCountry "ARG"]
[SourceTitle "Corr 2024"]
[Source "ChessBase"]
[SourceDate "2023.10.19"]
[SourceVersion "1"]
[SourceVersionDate "2023.10.19"]
[SourceQuality "1"]

1. e4 e6 2. d4 d5 3. Nd2 Nf6 4. e5 Nfd7 5. Bd3 c5 6. c3 Nc6 7. Ngf3 Qb6 8. Qa4 g6 9. Bb5 a6 10. Bxc6 bxc6 11. Qb3 Qc7 12. Nf1 Bg7 13. Ne3 cxd4 14. cxd4 c5 15. 0-0 cxd4 16. Nxd5 exd5 17. Qxd5 Bb7 18. Qxd4 0-0 19. Qd6 Bxe5 20. Qxc7 Bxc7 21. Bh6 Rfe8 22. Rac1 Rac8 23. Rfd1 Ne5 24. Nxe5 Bxe5 25. Rxc8 Rxc8 26. b3 Bg7 27. Bxg7 Kxg7 28. f3 Rc2 29. a3 Rc3 0-1